| 000 | 01101nam0a22002411 4500 | ||
|---|---|---|---|
| 001 | rc\790586 | ||
| 005 | 20040301143553.7 | ||
| 035 | _a(NLR Aleph) 006315880 | ||
| 090 |
_a7400651 _c7400651 |
||
| 100 | _a20040301d1983 u |0rusy50 ca | ||
| 101 | 0 | _arus | |
| 102 | _aRU | ||
| 105 | _aa ||||||||| | ||
| 200 | 1 |
_aРасчет коленчатого вала на крутильные колебания _e(Учеб. пособие по курсу "Динамика автомоб. и тракт. двигателей" и к курсовому и диплом. проектированию по спец. 0523) _fПроф. д. т. н. Доброгаев Р.П. _gМ-во высш. и сред. спец. образования РСФСР, Моск. автомех. ин-т |
|
| 210 |
_aМ. _cБ. и. _d1983 (вып. дан. 1984) |
||
| 215 |
_a[1], 93 с. _cил. _d20 |
||
| 320 | _aБиблиогр.: с. 92 | ||
| 700 | 1 |
_aДоброгаев _bР. П. _gРостислав Павлович |
|
| 801 | 0 |
_aRU _bNLR _gpsbo |
|
| 801 | 1 |
_aRU _bELAR _2rusmarc |
|
| 852 |
_aNLR _j88-4/17862 |
||
| 942 | _cBOOK | ||
| 980 | _aNB | ||